When Americans complain ; governmental grievance procedures.

Bibliographic Details
Main Author: Gellhorn, Walter, 1906-1995
Format: Book
Language:English
Published: Cambridge : Harvard University Press, 1966.
Subjects:

MARC

Tag First Indicator Second Indicator Subfields
LEADER 00000cam a22000001 4500
001 in00000076291
005 20151008052649.0
008 731212s1966 mau b 00000 eng
010 |a  66023466  
035 |a (OCoLC)00175218 
035 |9 AAH4362AM 
040 |a DLC  |c DLC  |d TXA  |d UtOrBLW 
043 |a n-us--- 
049 |a TXAM  |c [463385] 
050 0 0 |a JK421  |b .G42 
082 1 |a 353 
092 |a 353  |b G318w 
100 1 |a Gellhorn, Walter,  |d 1906-1995. 
245 1 0 |a When Americans complain ;  |b governmental grievance procedures. 
264 1 |a Cambridge :  |b Harvard University Press,  |c 1966. 
300 |a viii, 239 pages ;  |c 22 cm. 
336 |a text  |b txt  |2 rdacontent 
337 |a unmediated  |b n  |2 rdamedia 
338 |a volume  |b nc  |2 rdacarrier 
500 |a An expanded version of the author's three lectures delivered as the Oliver Wendell Holmes lectures at Harvard University in March, 1966. 
504 |a Bibliographical footnotes. 
650 0 |a Administrative remedies  |z United States. 
651 0 |a United States  |x Politics and government  |y 1945-1953. 
651 0 |a United States  |x Politics and government  |y 1945-1989. 
999 |a MARS 
999 f f |s 9f030eaf-8f58-3e6c-a860-5a36c134ca17  |i 40ea0b9f-8257-3c77-9e84-17c8588a9b3e  |t 0 
952 f f |p ric  |a Texas A&M University  |b Rellis Campus  |c Joint Library Facility  |d Remote Storage  |t 0  |e JK421 .G42  |h Library of Congress classification  |i unmediated -- volume  |m A14800798634 
998 f f |a JK421 .G42  |t 0  |l Remote Storage